000
00278nam a22001097a 4500
008
160519b xxu||||| |||| 00| 0 eng d
020
_a
1401809960
041
_a
eng
080
_a
611
245
_a
Body structures & functions:
_c
Ann Senisi Scott; Elizabeth Fong;
942
_2
udc
_c
BK
999
_c
2263
_d
2263